Statistics for Taylor Swift - Chloe or Sam or Sophia or Marcus (Lyrics)

Click here to take the quiz!

General Stats

  • This quiz has been taken 33 times
  • The average score is 240 of 317

Answer Stats

Answer% Correct
Chloe,
95%
"I
95%
I
95%
Marcus
95%
Named
95%
or
95%
Sam,
95%
so
95%
So,
95%
Sophia,
95%
an
90%
and
90%
And
90%
in
90%
me,
90%
me
90%
some
90%
you
90%
You
90%
happen
86%
it
86%
just
86%
Just
86%
my
86%
somebody
86%
that
86%
the
86%
we
86%
were"
86%
Who
86%
your
86%
Your
86%
apart
81%
break
81%
cold
81%
cold,
81%
Hands
81%
he
81%
heart
81%
If
81%
if
81%
into
81%
loved
81%
of
81%
Say
81%
say,
81%
say
81%
school
81%
to
81%
To
81%
watch
81%
watched
81%
way
81%
what
81%
with
81%
world
81%
would
81%
apartment
76%
bullied
76%
Could
76%
darkness
76%
do
76%
hair
76%
new
76%
tear
76%
wanna
76%
want
76%
would've
76%
always
71%
bones
71%
but
71%
couldn't
71%
drugs
71%
for
71%
hologram
71%
idea
71%
Like
71%
like
71%
more
71%
needed
71%
sorts
71%
stumbled
71%
wonder?
71%
wonder
71%
wondered
71%
you've
71%
As
67%
Can
67%
can't
67%
didn't
67%
out
67%
said
67%
saw
67%
things
67%
turned
67%
unabsorb
67%
decade
62%
eye
62%
fools
62%
have
62%
know
62%
All
57%
be,
57%
be
57%
kids
57%
many
57%
play
57%
seemed
57%
sell
57%
us
57%
Will
57%
changed
52%
Changed
52%
from
52%
internet
52%
moment
52%
not
52%
plans,
52%
starlet
52%
wrecks
52%
you'll
52%
by
48%
'Cause
48%
crashed
48%
depths
48%
fade
48%
float
48%
glint
48%
goddesses,
48%
lovers,
48%
make
48%
maroon?
48%
memory
48%
never
48%
our
48%
outfits,
48%
outrun
48%
rules
48%
scarlet
48%
this
48%
Too
48%
traced
48%
villains,
48%
youth
48%
Back
43%
desertion
43%
enough
43%
force
43%
happened
43%
orbit?
43%
theory,
43%
watching
43%
Cooler
38%
horses?
38%
impaired
38%
passage
38%
phantoms
38%
sigh
38%
time
38%
wild
38%
Down
29%

Score Distribution

Percentile by Number Answered

Percent of People with Each Score

Your Score History

You have not taken this quiz